Größte Fußballvereine des Saarlandes. (aktuell) - Statistiken

Allgemein
  • Dieses Quiz wurde 192 mal gespielt
  • Das Durchschnittsergebnis liegt bei 4 aus 6
Antwortstatistiken
Liga Verein % Korrekt
3.Liga 1.FC Saarbrücken
100%
2.Liga SV Elversberg
96%
4.Liga FC 08 Homburg
86%
5.Liga SV Auersmacher
31%
5.Liga FV 07 Diefflen
20%
5.Liga SpVgg Quierschied
18%
Keine übereinstimmenden Quizze gefunden
Verteilung der Resultate
Anzahl Personen mit jedem Resultat
Perzentil nach korrekt beantworteten Fragen
Ihre Resultats-Entwicklung
Sie haben dieses Quiz noch nicht gespielt